Small treasures/ (Record no. 358292)
[ view plain ]
| 000 -LEADER | |
|---|---|
| fixed length control field | 00582nam a2200229Ia 4500 |
| 008 - FIXED-LENGTH DATA ELEMENTS--GENERAL INFORMATION | |
| fixed length control field | 180803s9999 xx 000 0 und d |
| 020 ## - INTERNATIONAL STANDARD BOOK NUMBER | |
| International Standard Book Number | 9780590275682 |
| 050 ## - LIBRARY OF CONGRESS CALL NUMBER | |
| Item number | G448 1994 |
| 100 ## - MAIN ENTRY--PERSONAL NAME | |
| Personal name | Gibson, Akimi. |
| 245 #0 - TITLE STATEMENT | |
| Title | Small treasures/ |
| 245 #0 - TITLE STATEMENT | |
| Statement of responsibility, etc | written by Akimi Gibson ; illustrated by Elivia Savadier. |
| 260 ## - PUBLICATION, DISTRIBUTION, ETC. (IMPRINT) | |
| Place of publication, distribution, etc | New York, New York : |
| 260 ## - PUBLICATION, DISTRIBUTION, ETC. (IMPRINT) | |
| Name of publisher, distributor, etc | Scholastic, |
| 260 ## - PUBLICATION, DISTRIBUTION, ETC. (IMPRINT) | |
| Date of publication, distribution, etc | 1994 |
| 300 ## - PHYSICAL DESCRIPTION | |
| Extent | 16 pages : |
| 300 ## - PHYSICAL DESCRIPTION | |
| Other physical details | colored ; |
| 300 ## - PHYSICAL DESCRIPTION | |
| Dimensions | 19cm. |
| 500 ## - GENERAL NOTE | |
| General note | 180 |
| 650 ## - SUBJECT ADDED ENTRY--TOPICAL TERM | |
| Topical term or geographic name as entry element | Souvenirs (Keepsakers). |
| 700 ## - ADDED ENTRY--PERSONAL NAME | |
| Personal name | Savadier, Elivia. |
| 700 ## - ADDED ENTRY--PERSONAL NAME | |
| Personal name | Title. |
| Withdrawn status | Lost status | Damaged status | Home library | Current library | Shelving location | Date acquired | Cost, normal purchase price | Total Checkouts | Full call number | Barcode | Date last seen | Price effective from | Koha item type |
|---|---|---|---|---|---|---|---|---|---|---|---|---|---|
| Stonyhurst Southville International School (Malarayat) | Stonyhurst Southville International School (Malarayat) | 08/03/2018 | 0.00 | LEX G448 1994 | SSISM5570 | 08/03/2018 | 08/03/2018 | Lexile |